BBA/BBS/BBM Entrance Exam/ (Record no. 203172)

MARC details
000 -LEADER
fixed length control field 00488nam a22001817a 4500
005 - DATE AND TIME OF LATEST TRANSACTION
control field 20240522144602.0
010 ## - LCCN (DPL NO)
LC control number ENG-140479
020 ## - INTERNATIONAL STANDARD BOOK NUMBER
International Standard Book Number 9789384440169
Terms of availability 700.00
035 ## - SYSTEM CONTROL NUMBER
System control number EN-124011
037 ## - SOURCE OF ACQUISITION
Source of stock number/acquisition DBAD
082 ## - DEWEY DECIMAL CLASSIFICATION NUMBER
Classification number 658
245 ## - TITLE STATEMENT
Title BBA/BBS/BBM Entrance Exam/
260 ## - PUBLICATION, DISTRIBUTION, ETC. (IMPRINT)
Name of publisher, distributor, etc Khurana Publishing House PVT. LTD
Date of publication, distribution, etc 2018
Place of publication, distribution, etc Delhi
270 ## - ADDRESS
Address A-5/14, Jhilmil Industrial Area, Delhi
300 ## - PHYSICAL DESCRIPTION
Extent 88p.
Dimensions 25cm(hb)
700 ## - ADDED ENTRY--PERSONAL NAME
9 (RLIN) 66728
942 ## - ADDED ENTRY ELEMENTS (KOHA)
Source of classification or shelving scheme Dewey Decimal Classification
Item type English Books
Classification part 658
Call number suffix BBA
Holdings
Withdrawn status Lost status Not for loan Collection code Home library Current library Date acquired Source of acquisition Cost, normal purchase price Full call number Barcode Copy number Cost, replacement price Koha item type
      Non-fiction New Police Line New Police Line 22/05/2024 DBAD 700.00 658 BBA EN-124011 1 700.00 English Books

© Delhi Public Library
Hit Counter
free hit counter